000 00564nam a22001817a 4500
005 20251108164950.0
008 250721s1992 xx 000 0 ara d
082 1 4 _a214/غزا
100 1 _aالغزالي، محمد
245 1 0 _aالمحاور الخمسة للقرآن الكريم /
250 _aط3.
264 1 _aالمنصوره :
_bدار الوفاء للطباعه و النشر و التوزيع،
_c1992.
300 _a247ص
650 1 7 _aالإسلام
650 1 7 _aأصول الدين الإسلامي
942 _2ddc
_cBK
999 _c18606
_d18606